Kĩ thuật chăn nuôi lợn sinh sản

Zapisane w:
Opis bibliograficzny
1. autor: Nghiêm Khánh
Format: Książka
Język:Undetermined
Wydane: Hà Nội Nông thôn 1972
Hasła przedmiotowe:
Etykiety: Dodaj etykietę
Nie ma etykietki, Dołącz pierwszą etykiete!
Thư viện lưu trữ: Trung tâm Học liệu Trường Đại học Cần Thơ
LEADER 00475nam a2200169Ia 4500
001 CTU_14080
008 210402s9999 xx 000 0 und d
082 |a 636.4082 
082 |b Ngh304 
100 |a Nghiêm Khánh 
245 0 |a Kĩ thuật chăn nuôi lợn sinh sản 
245 0 |c Nghiêm Khánh 
260 |a Hà Nội 
260 |b Nông thôn 
260 |c 1972 
650 |a swine - breeding 
980 |a Trung tâm Học liệu Trường Đại học Cần Thơ